000 01156cam a22003617a 4500
003 CHAP
005 20220817043139.0
008 971013s1987 it r 00010 spa d
010 _a66826
011 _a67798
035 _a77270
040 _cCHAP
082 _a639.2
_bF3 v.286
110 _aFAO
245 1 4 _aLos recursos pesqueros patogéònicos y las pesquerias de altura en el Atlántico sudoccidental
260 _aRoma :
_bFAO,
_c1987
300 _a78 p.
_b: gráfs.
410 _aFAO
490 0 _aDocumento técnico de pesca
_v; 286
590 _aBATCH-UPD
_b10
_c20130110
_lUCH01
_h0329
590 _aBATCH-UPD
_b10
_c20130110
_lUCH01
_h1906
590 _aBATCH-UPD
_b10
_c20130410
_lUCH01
_h0002
590 _aBATCH-UPD
_b10
_c20130914
_lUCH01
_h1107
590 _aCONVERSION
_b10
_c20130109
_lUCH01
_h1337
650 1 4 _aPesquería
_xArgentina.
_9175445
650 1 4 _aRecursos marinos
_xArgentina.
_995149
700 0 _aCsirke, Jorge.
_929685
810 0 _aFAO
830 0 0 _aDocumento técnico de pesca
_v; 286
_933242
901 _aBK
942 _cLIBRO
949 _a639.2 F3 v.286
_bBC
_cFAO
_d33724002203975
_eFAO1
_gDonaciØn
_h72567
_i77270
_si
999 _c66826
_d66826